000 00710nam a2200253Ia 4500
003 OSt
005 20221006143951.0
006 a|||||r|||| 00| 0
007 ta
008 221006b |||||||| |||| 00| 0 eng d
020 _cP8.95
024 _a10,520
037 _cTextual
040 _aEASL
_cEASL
_beng
041 _2eng
_aeng
082 _aW,4:81.N8, L9
100 _aSHAPLEN Robert
245 0 _aTurning wheel
_b Three decades of the Asian revolution as witnessed by a correspondent for the New Yorker
260 _aLondon
_bAndre Deutsch
_c1979
300 _a397p.
_ccm.
490 _v Oth
942 _hW,4:81.N8, L9
_cTEXL
_2CC
999 _c1078606
_d1078606